Translation and the politics of peace : (Record no. 751516)

MARC details
000 -LEADER
fixed length control field 00954cam a22002535i 4500
020 ## - INTERNATIONAL STANDARD BOOK NUMBER
ISBN 9789358529678
020 ## - INTERNATIONAL STANDARD BOOK NUMBER
ISBN 9358529679
020 ## - INTERNATIONAL STANDARD BOOK NUMBER
ISBN 9789358526998
020 ## - INTERNATIONAL STANDARD BOOK NUMBER
ISBN 9358526998
082 04 - DEWEY DECIMAL CLASSIFICATION NUMBER
Classification number 327.172 AMM/T
Edition number 23
100 1# - MAIN ENTRY--AUTHOR NAME
Personal name Ammourah, Abdul Fattah,
245 10 - TITLE STATEMENT
Title Translation and the politics of peace :
Sub Title media, negotiation, and legal discourse in the Middle East /
Statement of responsibility, etc by Abdul Fattah Ammourah.
260 ## - PUBLICATION, DISTRIBUTION, ETC. (IMPRINT)
Place of publication . - Delhi
Name of publisher : Primus books
Year of publication , 2024
300 ## - PHYSICAL DESCRIPTION
Number of Pages xviii, 310 pages :
Other physical details illustrations (black and white) ;
500 ## - GENERAL NOTE
General note "Path to peace"--Cover.
504 ## - BIBLIOGRAPHY, ETC. NOTE
Bibliography, etc Includes bibliographical references (pages 303-305) and index.
650 #0 - SUBJECT ADDED ENTRY--TOPICAL TERM
Topical Term Peace-building
Geographic subdivision Middle East.
650 #0 - SUBJECT ADDED ENTRY--TOPICAL TERM
Topical Term Discourse analysis
Geographic subdivision Middle East.
650 #0 - SUBJECT ADDED ENTRY--TOPICAL TERM
Topical Term Mass media
Geographic subdivision Middle East.
650 #0 - SUBJECT ADDED ENTRY--TOPICAL TERM
Topical Term Speeches, addresses, etc., Arabic
650 #0 - SUBJECT ADDED ENTRY--TOPICAL TERM
Topical Term Speeches, addresses, etc., English
942 ## - ADDED ENTRY ELEMENTS (KOHA)
Source of classification or shelving scheme Dewey Decimal Classification
Koha item type Book
Holdings
Withdrawn status Lost status Source of classification or shelving scheme Damaged status Not for loan Home Library Current Location Date acquired Full call number Accession Number Price effective from Koha item type
    Dewey Decimal Classification     Dept. of Political Science Dept. of Political Science 03/03/2025 327.172 AMM/T POL23782 18/09/2025 Book